Biblioteca

An ontological definition of "canon"? (Registro nro. 68266)

Detalles MARC
000 -LÍDER
Campo fijo de descripción fija 01215nab a2200193 i 4500
001 - NÚMERO DE CONTROL
Campo de control 768714001
003 - IDENTIFICADOR DEL NÚMERO DE CONTROL
Campo de control CO-MdFUSB
005 - FECHA Y HORA DE LA ULTIMA TRANSACCIÓN
control field 20230421093735.0
008 - ELEMENTOS DE LONGITUD FIJA -- INFORMACIÓN GENERAL
Campo fijo de descripción fija -- Información general 221006s2014 -us||||| |||| 00| 0 eng d
040 ## - FUENTE DE CATALOGACIÓN
Idioma de catalogación eng
Agencia que realiza la transcripción CO-MdFUSB
Agencia que realiza la modificación CO-MdFUSB
041 ## - CÓDIGO DE IDIOMA
Código de idioma para texto/pista de sonido o título separado eng
100 ## - ASIENTO PRINCIPAL--NOMBRE PERSONAL
Nombre personal Poirier, John C.,
Término relacionador autor
245 ## - TÍTULO
Título An ontological definition of "canon"?
Mención de responsabilidad / John C. Poirier
300 ## - DESCRIPCIÓN FÍSICA
Extensión Volumen 22, Número 2 (2012), páginas 457 - 466
Dimensiones ; 23 cm
520 ## - NOTA DE RESUMEN, ETC.
Nota de sumario, etc. El libro más reciente de Michael Kruger exige una comprensión revisada del "canon" como la confluencia de una definición de canon cerrado, una "definición funcional" y una definición "ontológica". Kruger tiene la intención de que su llamado reemplace la comprensión ahora común de "canon" como (simplemente) el cierre de un corpus de Escritura. Este artículo busca mostrar que las quejas de Kruger contra el uso exclusivo de la definición de canon cerrado de "canon" son infundadas y que su intento de una definición ontológica es problemático.
653 ## - TÉRMINO DE INDIZACIÓN - NO CONTROLADO
Término no controlado Canon
773 0# - ASIENTO DE ITEM FUENTE
Biblionumber 68251
Itemnumber 81342
Otro identificador del ítem R2124
Título Bulletin for Biblical research
Número de control del registro (CO-MdFUSB)768714001
Número Internacional Normalizado para Publicaciones Seriadas (ISSN) 1065-223X
Parte(s) relacionada(s) / Volumen., número. (mes año), páginas Volumen 22, Número 2 (2012), páginas 457 - 466
Enumeración y primera página páginas 457
942 ## - TIPO DE MATERIAL (KOHA)
Tipo de Item KOHA Artículos de Revista

No hay ítems disponibles.

Biblioteca FUSBC | Teléfono: (57+4) 349 88 10 Ext. 141| WhatsApp (+57) 3005338115 
E-mail: biblioteca@unisbc.edu.co | Calle 76 87-14 Robledo Palenque, Medellín, Colombia

Con tecnología Koha